<?xml version="1.0" encoding="UTF-8"?>
<record
    xmlns:xsi="http://www.w3.org/2001/XMLSchema-instance"
    xsi:schemaLocation="http://www.loc.gov/MARC21/slim http://www.loc.gov/standards/marcxml/schema/MARC21slim.xsd"
    xmlns="http://www.loc.gov/MARC21/slim">

  <leader>01542nam a2200349 i 4500</leader>
  <controlfield tag="003">DO-SdBNP</controlfield>
  <controlfield tag="005">20250606124348.0</controlfield>
  <controlfield tag="007">ta</controlfield>
  <controlfield tag="008">250605b1982    dr a|||  |||| 00| 0 spa d</controlfield>
  <datafield tag="040" ind1=" " ind2=" ">
    <subfield code="a">DO-SdBNP</subfield>
    <subfield code="b">spa</subfield>
    <subfield code="c">BNPHU</subfield>
    <subfield code="e">rda</subfield>
  </datafield>
  <datafield tag="082" ind1=" " ind2=" ">
    <subfield code="a">xxx</subfield>
    <subfield code="b">G633</subfield>
    <subfield code="2">22</subfield>
  </datafield>
  <datafield tag="245" ind1="0" ind2="0">
    <subfield code="a">Versos y f&#xE1;bulas :</subfield>
    <subfield code="b">(antolog&#xED;a) /</subfield>
    <subfield code="c">selecci&#xF3;n, Fiume G&#xF3;mez de Michel : ilustraciones, Mart&#xED;n Inoa, Emiliano Despradel, Enrique Montero, Mar&#xED;a Laura Mart&#xED;nez, Giselle Porcella, entre otros</subfield>
  </datafield>
  <datafield tag="264" ind1=" " ind2=" ">
    <subfield code="a">Santo Domingo :</subfield>
    <subfield code="b">Editora Nivar,</subfield>
    <subfield code="c">1982.</subfield>
  </datafield>
  <datafield tag="300" ind1=" " ind2=" ">
    <subfield code="a">64 P&#xE1;ginas ;</subfield>
    <subfield code="b">ilustraciones</subfield>
    <subfield code="c">27 cm.</subfield>
  </datafield>
  <datafield tag="336" ind1=" " ind2=" ">
    <subfield code="a">texto</subfield>
    <subfield code="b">txt</subfield>
    <subfield code="2">rdacontent</subfield>
  </datafield>
  <datafield tag="337" ind1=" " ind2=" ">
    <subfield code="a">sin mediaci&#xF3;n</subfield>
    <subfield code="b">n</subfield>
    <subfield code="2">rdamedia</subfield>
  </datafield>
  <datafield tag="338" ind1=" " ind2=" ">
    <subfield code="a">volumen</subfield>
    <subfield code="b">nc</subfield>
    <subfield code="2">rdacarrier</subfield>
  </datafield>
  <datafield tag="500" ind1=" " ind2=" ">
    <subfield code="a">Ilustraciones realizadas por los alumnos del pintor y profesor &#xC1;ngel Hache en la Galer&#xED;a de Arte Moderno. </subfield>
  </datafield>
  <datafield tag="590" ind1=" " ind2=" ">
    <subfield code="a">Inventariado, 2025/ YL</subfield>
  </datafield>
  <datafield tag="700" ind1="1" ind2=" ">
    <subfield code="a">Inoa, Mart&#xED;n </subfield>
    <subfield code="e">ilustraciones</subfield>
    <subfield code="4">il.</subfield>
    <subfield code="9">88005</subfield>
  </datafield>
  <datafield tag="700" ind1="1" ind2=" ">
    <subfield code="a">Despradel, Emiliano </subfield>
    <subfield code="e">ilustraciones</subfield>
    <subfield code="4">il.</subfield>
    <subfield code="9">88006</subfield>
  </datafield>
  <datafield tag="700" ind1="1" ind2=" ">
    <subfield code="a">Montero, Enrique </subfield>
    <subfield code="e">ilustraciones</subfield>
    <subfield code="4">il.</subfield>
    <subfield code="9">88007</subfield>
  </datafield>
  <datafield tag="700" ind1="1" ind2=" ">
    <subfield code="a">Mart&#xED;nez, Mar&#xED;a Laura </subfield>
    <subfield code="e">ilustraciones</subfield>
    <subfield code="4">il.</subfield>
    <subfield code="9">88008</subfield>
  </datafield>
  <datafield tag="700" ind1="1" ind2=" ">
    <subfield code="a">Porcella, Giselle </subfield>
    <subfield code="e">ilustraciones</subfield>
    <subfield code="4">il.</subfield>
    <subfield code="9">88009</subfield>
  </datafield>
  <datafield tag="700" ind1="1" ind2=" ">
    <subfield code="a">Fern&#xE1;ndez, M&#xF3;nica</subfield>
    <subfield code="e">ilustraciones</subfield>
    <subfield code="4">il.</subfield>
    <subfield code="9">88010</subfield>
  </datafield>
  <datafield tag="700" ind1="1" ind2=" ">
    <subfield code="a">Rivas, Christine</subfield>
    <subfield code="e">ilustraciones</subfield>
    <subfield code="4">il.</subfield>
    <subfield code="9">88011</subfield>
  </datafield>
  <datafield tag="700" ind1="1" ind2=" ">
    <subfield code="a">Michel G&#xF3;mez, Hugo Tom&#xE1;s</subfield>
    <subfield code="e">ilustraciones</subfield>
    <subfield code="4">il.</subfield>
    <subfield code="9">88012</subfield>
  </datafield>
  <datafield tag="700" ind1="1" ind2=" ">
    <subfield code="a">Michel G&#xF3;mez, Huguette Argelia</subfield>
    <subfield code="e">ilustraciones</subfield>
    <subfield code="4">il.</subfield>
    <subfield code="9">88013</subfield>
  </datafield>
  <datafield tag="700" ind1="1" ind2=" ">
    <subfield code="a">Vald&#xE9;z, C&#xE9;sar</subfield>
    <subfield code="e">ilustraciones</subfield>
    <subfield code="4">il.</subfield>
    <subfield code="9">88014</subfield>
  </datafield>
  <datafield tag="910" ind1=" " ind2=" ">
    <subfield code="a">YLockward</subfield>
  </datafield>
  <datafield tag="942" ind1=" " ind2=" ">
    <subfield code="2">ddc</subfield>
    <subfield code="c">LBS1</subfield>
  </datafield>
  <datafield tag="952" ind1=" " ind2=" ">
    <subfield code="0">0</subfield>
    <subfield code="1">0</subfield>
    <subfield code="2">ddc</subfield>
    <subfield code="5">1</subfield>
    <subfield code="7">0</subfield>
    <subfield code="8">CIJ-PD</subfield>
    <subfield code="a">BNPHU</subfield>
    <subfield code="b">BNPHU</subfield>
    <subfield code="c">CT</subfield>
    <subfield code="d">2024-05-08</subfield>
    <subfield code="e">Donaci&#xF3;n </subfield>
    <subfield code="l">0</subfield>
    <subfield code="o">BNPHU CIJ-PD xxx G633</subfield>
    <subfield code="p">2025-4933</subfield>
    <subfield code="r">2025-06-06</subfield>
    <subfield code="w">2025-06-06</subfield>
    <subfield code="y">LBS1</subfield>
    <subfield code="z">Autografiado por la autora. </subfield>
  </datafield>
  <datafield tag="999" ind1=" " ind2=" ">
    <subfield code="c">59160</subfield>
    <subfield code="d">59160</subfield>
  </datafield>
</record>
